| 000 | 00787nam a2200205 a 4500 | ||
|---|---|---|---|
| 001 | 000887098 | ||
| 003 | AM-YEHGA | ||
| 005 | 20250617160631.0 | ||
| 008 | 120425s1961 ru r 000 0 rus d | ||
| 040 | _aAM-YeHGA | ||
| 041 | 0 | _arus | |
| 100 | 1 | _aВасильев, Прокофий Васильевич | |
| 245 | 1 | 0 |
_aЛесное хозяйство Швеции / _cП.В. Васильев, А.Б. Жуков. |
| 260 |
_aМосква; _aЛенинград : _bГослесбумиздат, _c1961. |
||
| 300 |
_a54 с. : _bкарты, табл. ; _c22 см. |
||
| 504 | _aБиблиогр. в подстроч. примеч. : и с. 53 | ||
| 650 | 1 | 4 |
_aЛесное хозяйство _zШвеция |
| 700 | 1 | _aЖуков, Анатолий борисович | |
| 090 | _c460235 | ||
| 999 |
_c457195 _d457195 |
||